| 000 | 00523nam a2200193Ii 4500 | ||
|---|---|---|---|
| 003 | JO-AjNU | ||
| 008 | 230606s9999||||xx |||||||||||||| ||und|| | ||
| 040 |
_aJO-AjNU _beng _erda _cJO-AjNU |
||
| 041 | _aeng | ||
| 050 | 1 | 4 | _aDS1549 1995 |
| 100 | 3 |
_aVivekanand, R.V, _eauthor _94013 |
|
| 245 | 0 | 0 | _aPetra |
| 264 | 3 | 1 | _aArabesque International, 1995 |
| 300 | _a127p | ||
| 336 |
_atext _btxt _2rdacontent |
||
| 337 |
_aunmediated _bn _2rdamedia |
||
| 338 |
_avolume _bnc _2rdacarrier |
||
| 650 | 4 |
_a Petra -- Description _94014 |
|
| 999 |
_aE2090 _c2089 _d2089 |
||